00622nam a22002057a 450000500170000001000130001702000220003003500130005203700160006504000120008108200130009310000170010624500690012326000500019227000480024230000200029050000510031065000330036165000220039420170124110145.0 aA-517029 c00.00a8171003761 aA-517029 bCen Lib/Ret aDPLbEN a658bKED aKedia, A.K.  aWorkers ownership and participative management /cby A.K. Kedia  aNew Delhi c1992bDeep and deep publications  bNew Delhi aF-159, Rajouri garden e110027 a236p.c20cm(Hb) aIncludes bibliographical references and index  aParticipative management x  aManagement theory